000 00298nam a22001337a 4500
008 171020b xxu||||| |||| 00| 0 eng d
020 _a9780073376783
041 _aeng
080 _a338
100 _a54
101 _aMEN
245 _aMANAGEMENT INFORMATION SYSTEMS
_cHAAG.S
942 _2udc
_cBK
999 _c35105
_d35105